IFM Opac

Management (Record no. 22093)

MARC details
000 -LEADER
fixed length control field 00333nam a22001457a 4500
020 ## - INTERNATIONAL STANDARD BOOK NUMBER
ISBN 978-0-357-51712-3
082 ## - DEWEY DECIMAL CLASSIFICATION NUMBER
Classification number 658
100 ## - MAIN ENTRY--AUTHOR NAME
Personal name Griffin, Ricky W.
245 ## - TITLE STATEMENT
Title Management
250 ## - EDITION STATEMENT
Edition statement 13th
260 ## - PUBLICATION, DISTRIBUTION, ETC. (IMPRINT)
Place of publication Australia:
Name of publisher Cengage Learning,
Year of publication 2022
300 ## - PHYSICAL DESCRIPTION
Number of Pages xxxii, 655p.: ill.; 28cm
500 ## - GENERAL NOTE
General note Include Index
942 ## - ADDED ENTRY ELEMENTS (KOHA)
Koha item type Books
Holdings
Withdrawn status Lost status Damaged status Not for loan Collection code Permanent Location Current Location Shelving location Date acquired Source of acquisition Full call number Accession Number Price effective from Koha item type
        Non-fiction IFM Main Campus Library IFM Main Campus Library Work Room processing 08/19/2025 Purchase 658 GRI 0000030450 08/19/2025 Books
        Non-fiction IFM Main Campus Library IFM Main Campus Library Work Room processing 08/19/2025 Purchase 658 GRI 0000030451 08/19/2025 Books
        Non-fiction IFM Main Campus Library IFM Main Campus Library Work Room processing 08/19/2025 Purchase 658 GRI 0000030452 08/19/2025 Books